Breeding and improvement of farm animals

Збережено в:
Бібліографічні деталі
Автори: Warwick, Everett James (Автор), Legates, James Edward (Автор)
Формат: Книга
Мова:Англійська
Опубліковано: Nueva Delhi Tata McGraw Hill 1979
Редагування:7a. ed
Предмети:
Теги: Додати тег
Немає тегів, Будьте першим, хто поставить тег для цього запису!

MARC

LEADER 00000nam a2200000 a 4500
001 UCR4611
003 CL-VaPUC
008 980313e19790000II |||||||||||||||||eng|d
082 0 4 |a 636.2  |b WAR  |2 21 
100 0 |a Warwick, Everett James  |e author  |9 405013 
700 0 |a Legates, James Edward  |e author  |9 405014 
245 1 0 |a Breeding and improvement of farm animals 
250 |a 7a. ed 
300 |a 624 p 
942 |c BK 
945 |d 19980313 00:00:00  |a rbrito 
260 |a Nueva Delhi  |b Tata McGraw Hill  |c 1979 
650 7 |a BOVINOS  |2 CL-VaPUC  |9 405015 
650 0 |a Razas  |9 326658 
650 7 |a GANADO  |2 CL-VaPUC  |9 405016 
650 7 |a EQUINOS  |2 CL-VaPUC  |9 402902 
650 7 |a SELECCION  |2 CL-VaPUC  |9 405017 
650 0 |a Reproducción  |9 269783 
583 |a last modification  |c 19980313 00:00:00  |k Rodrigo Vera 
999 |c 267525  |d 267523